Nghề lâm sinh

Nội dung sách trình bày khái quát một số nét về sinh thái rừng, quy trình kỹ thuật cơ bản về trồng rừng, nuôi dưỡng rừng trồng và rừng tự nhiên nghèo kiệt, các loại rừng phòng hộ các trồng và chăm sóc....

全面介紹

Đã lưu trong:
書目詳細資料
主要作者: Đỗ, Nguyên Ban
格式: 圖書
語言:Undetermined
出版: Hà Nội Giáo dục 2001
主題:
標簽: 添加標簽
沒有標簽, 成為第一個標記此記錄!
Thư viện lưu trữ: Trung tâm Học liệu Trường Đại học Cần Thơ
LEADER 00828nam a2200193Ia 4500
001 CTU_142100
008 210402s9999 xx 000 0 und d
082 |a 634.9 
082 |b B105 
100 |a Đỗ, Nguyên Ban 
245 0 |a Nghề lâm sinh 
245 0 |c Đỗ Nguyên Ban 
260 |a Hà Nội 
260 |b Giáo dục 
260 |c 2001 
520 |a Nội dung sách trình bày khái quát một số nét về sinh thái rừng, quy trình kỹ thuật cơ bản về trồng rừng, nuôi dưỡng rừng trồng và rừng tự nhiên nghèo kiệt, các loại rừng phòng hộ các trồng và chăm sóc. 
650 |a Forests and forestry,Lâm sinh 
904 |i Tuyến 
980 |a Trung tâm Học liệu Trường Đại học Cần Thơ